Dream spinner

Bibliographic Details
Main Author: Tayleur,Karen
Format: Book
Published: Australia : Reed international booksc2001
Subjects:

MARC

LEADER 00000cam a2200000 7i4500
001 0000082624
005 20190218.0
008 190218
020 |a 0731232348 
090 0 0 |a JF   |b ENG 
100 1 |a Tayleur,Karen 
245 1 4 |a Dream spinner   |c Karen tayleur 
260 |a Australia :   |b Reed international booksc2001 
500 |a Children ages 7-9 years old (orange) 
650 0 |a Children's stories, English 
999 |a 0000005490   |b Book   |c Children Collection   |e Cawangan Taman Universiti